000 00445nam a2200181Ia 4500
001 13961
005 20260306164839.0
008 260306t2002||||xx |||||||||||||| ||spa||
041 _aESP
082 _a005.74
_bH22
100 _aHarrington, Jan L.
_eAUT
245 0 _aRelational database design clarly explained
260 _c2002
300 _axvi, 393 páginas :
_c24 cm.
650 _aGEN
654 _aCCC
942 _cLIB
_dJUS
_fJUS
_2ddc
_n
999 _c13961
_d13961